LEADER 01668nas 2200493- 450 001 996207874403316 005 20240201213018.0 035 $a(OCoLC)243600402 035 $a(CKB)1000000000330810 035 $a(CONSER)--2024242225 035 $a(EXLCZ)991000000000330810 100 $a20080812c200uuuuu --- - 101 0 $aeng 135 $aur||||||||||| 181 $ctxt$2rdacontent 182 $cc$2rdamedia 183 $acr$2rdacarrier 200 04$aThe ICFAI journal of international business 210 1$aHyderabad, India :$cICFAI University Press 215 $a1 online resource 300 $aRefereed/Peer-reviewed 311 $a0973-3752 517 1 $aInstitute of Chartered Financial Analysts of India journal of international business 606 $aInternational trade$vPeriodicals 606 $aInternational business enterprises$vPeriodicals 606 $aCommerce international$vPériodiques 606 $aEntreprises multinationales$vPériodiques 606 $aInternational business enterprises$2fast 606 $aInternational trade$2fast 608 $aPeriodicals$2fast 608 $aPeriodicals.$2lcgft 610 $aBusiness and management 615 0$aInternational trade 615 0$aInternational business enterprises 615 6$aCommerce international 615 6$aEntreprises multinationales 615 7$aInternational business enterprises 615 7$aInternational trade 676 $a330 712 02$aInstitute of Chartered Financial Analysts of India, 906 $aJOURNAL 912 $a996207874403316 996 $aThe ICFAI journal of international business$94133327 997 $aUNISA